1857-2007 : (Registro nro. 15438)
[ vista simple ]
| 000 -LEADER | |
|---|---|
| fixed length control field | 01077nam a22002417a 4500 |
| 003 - CONTROL NUMBER IDENTIFIER | |
| control field | OSt |
| 005 - DATE AND TIME OF LATEST TRANSACTION | |
| control field | 20210319095246.0 |
| 008 - FIXED-LENGTH DATA ELEMENTS--GENERAL INFORMATION | |
| fixed length control field | 210319s2007 sp ao||gr|||| 00| 0dspa d |
| 020 ## - INTERNATIONAL STANDARD BOOK NUMBER | |
| International Standard Book Number | 9788475067964 |
| 040 ## - CATALOGING SOURCE | |
| Original cataloging agency | CO-JMCR |
| Transcribing agency | CO-JMCR |
| 041 0# - LANGUAGE CODE | |
| Language code of text/sound track or separate title | spa |
| 082 04 - DEWEY DECIMAL CLASSIFICATION NUMBER | |
| Classification number | 332.1 / |
| Item number | M386b |
| Edition number | 23 |
| 100 1# - MAIN ENTRY--PERSONAL NAME | |
| Personal name | Martín Aceña, Pablo, |
| Relator term | autor |
| 9 (RLIN) | 36331 |
| 245 10 - TITLE STATEMENT | |
| Title | 1857-2007 : |
| Remainder of title | Banco Santander 150 años de historia / |
| Statement of responsibility, etc. | Pablo Martín Aceña |
| 260 ## - PUBLICATION, DISTRIBUTION, ETC. | |
| Place of publication, distribution, etc. | Madrid |
| Name of publisher, distributor, etc. | Tuner, |
| Date of publication, distribution, etc. | 2007 |
| 300 ## - PHYSICAL DESCRIPTION | |
| Extent | 358 páginas : |
| Other physical details | ilustraciones y fotografías a color ; |
| Dimensions | 29 cm. |
| 500 ## - GENERAL NOTE | |
| General note | Incluye índices. |
| 504 ## - BIBLIOGRAPHY, ETC. NOTE | |
| Bibliography, etc. note | Bibliografía: páginas 347-348. |
| 505 ## - FORMATTED CONTENTS NOTE | |
| Formatted contents note | Un banco local de emisión, 1857-1874. -- la sociedad del crédito Banco Santander, 1857-1919. -- La expansión regional, 1920-1935. -- Tiempos de guerra, 1936-1939. -- El ascenso de un banco nacional, 1939-1962. -- Los cimientos del éxito, 1963-1985. -- Un Grupo financiero mundial, 1986-2006. -- |
| 650 ## - SUBJECT ADDED ENTRY--TOPICAL TERM | |
| Topical term or geographic name entry element | Banco de Santander |
| General subdivision | Historia |
| Chronological subdivision | 1857-2007 |
| 9 (RLIN) | 36332 |
| 650 ## - SUBJECT ADDED ENTRY--TOPICAL TERM | |
| General subdivision | Historia |
| Topical term or geographic name entry element | Bancos |
| Geographic subdivision | España |
| 9 (RLIN) | 36333 |
| 942 ## - ADDED ENTRY ELEMENTS (KOHA) | |
| Source of classification or shelving scheme | Dewey Decimal Classification |
| Koha item type | Books |
| Withdrawn status | Lost status | Source of classification or shelving scheme | Damaged status | Not for loan | Home library | Current library | Shelving location | Date acquired | Source of acquisition | Total Checkouts | Full call number | Barcode | Date last seen | Copy number | Price effective from | Koha item type |
|---|---|---|---|---|---|---|---|---|---|---|---|---|---|---|---|---|
| Dewey Decimal Classification | Biblioteca Pública José María del Castillo y Rada | Biblioteca Pública José María del Castillo y Rada | General Stacks | Donación | 332.1 / M386b | 201810923 | 05/16/2024 | Ej.1 | Books |